000 00437nam a2200133Ia 4500
008 231129s9999||||xx |||||||||||||| ||spa||
020 _a958-20-0302-2
040 _bspa
082 _a370.19 C139p
100 _aCají­ao Restrepo Francisco
245 0 _aLa piel del alma: cuerpo educación y cultura
264 _aSantafé de Bogotá Colombia: Cooperativa Editorial Magisterio
942 _2ddc
_cBKS
999 _c17934
_d17934